LEADER 01365nam a2200313 i 4500 001 991001193579707536 005 20020507184957.0 008 970704s1972 de ||| | ger 035 $ab10813809-39ule_inst 035 $aLE01308494$9ExL 040 $aDip.to Matematica$beng 082 0 $a515.353 084 $aAMS 35-06 084 $aAMS 35A40 084 $aAMS 65M 245 00$aNumerische Lösung nichtlinearer partieller Differential- und Integrodifferentialgleichungen :$bVortrage einer Tagung im Mathematischen Forschungsinstitut Oberfalch, 28.11-4.12.1971 /$cherausgegeben von R. Ansorge, W. Torning 260 $aBerlin ; New York :$bSpringer-Verlag,$c1972 300 $avi, 339 p. ;$c24 cm 490 1 $aLecture Notes in Mathematics,$x0075-8434 ;$v267 650 0$aNumerical approximation 650 0$aPartial differential equations 700 1 $aAnsorge, Rainer$eauthor$4http://id.loc.gov/vocabulary/relators/aut$0294988 700 1 $aTornig, Willi 907 $a.b10813809$b25-07-19$c28-06-02 912 $a991001193579707536 945 $aLE013 35A ANS11 (1972)$g1$i2013000088327$lle013$o-$pE0.00$q-$rl$s- $t0$u0$v0$w0$x0$y.i1091948x$z28-06-02 996 $aNumerische Lösung nichtlinearer partieller Differential- und Integrodifferentialgleichungen$93370063 997 $aUNISALENTO 998 $ale013$b01-01-97$cm$da $e-$fger$gde $h0$i1 LEADER 02200oas 2200853 a 450 001 9910130791703321 005 20251105213014.0 011 $a1879-6303 035 $a(DE-599)ZDB2646418-4 035 $a(OCoLC)60616783 035 $a(CONSER) 2013221136 035 $a(CKB)110978978376205 035 $a(EXLCZ)99110978978376205 100 $a20050614a19809999 uy 101 0 $aeng 135 $aurun||||||||| 181 $ctxt$2rdacontent 182 $cc$2rdamedia 183 $acr$2rdacarrier 200 10$aStudies in Slavic and general linguistics 210 $aAmsterdam $cRodopi$d1980- 300 $aRefereed/Peer-reviewed 300 $aPublished as an annual journal, 1980; published as a monographic series, 1981- 311 08$a0169-0124 517 1 $aSSGL 606 $aSlavic languages$vPeriodicals 606 $aSlavic languages 606 $aLinguistics$vPeriodicals 606 $aLinguistics 606 $aLangues slaves$vPe?riodiques 606 $aLangues slaves 606 $aLinguistique$vPe?riodiques 606 $aLinguistique 606 $alinguistics$2aat 606 $aLinguistics$2fast$3(OCoLC)fst00999202 606 $aSlavic languages$2fast$3(OCoLC)fst01120608 608 $aPeriodicals.$2fast 608 $aPeriodicals.$2lcgft 615 0$aSlavic languages 615 0$aSlavic languages. 615 0$aLinguistics 615 0$aLinguistics. 615 6$aLangues slaves 615 6$aLangues slaves. 615 6$aLinguistique 615 6$aLinguistique. 615 7$alinguistics. 615 7$aLinguistics. 615 7$aSlavic languages. 676 $a491.8/05 801 0$bOCLCS 801 1$bOCLCS 801 2$bOCLCQ 801 2$bOCLCE 801 2$bEYM 801 2$bOCLCQ 801 2$bBHA 801 2$bOCLCF 801 2$bOCLCO 801 2$bOCLCQ 801 2$bVT2 801 2$bUEJ 801 2$bOCLCQ 801 2$bUAB 801 2$bAUD 801 2$bLVT 801 2$bLND 801 2$bOCP 801 2$bWYU 801 2$bOCLCQ 906 $aJOURNAL 912 $a9910130791703321 996 $aStudies in Slavic and general linguistics$92350881 997 $aUNINA